00634nam a2200109Ia 4500008004100000245003900041300027400080650001600354856006300370999001900433952007200452170517s9999 xx 000 0 und d aCryonics: Death in the Deep Freeze aThe first ever footage of a person being cryonically frozen is to be broadcast in a Channel Five documentary that will follow a woman who is terminally ill with cancer before and after her death. We're really very proud of what we have achieved with this programme -... xTechnology. uhttp://topdocumentaryfilms.com/cryonics-death-deep-freeze/ c335026d335026 001040aCLbCLd2017-05-17l0r2017-05-17 00:00:00w2017-05-17yDF